[Event "Santo Domingo De La Madre op"]
[Site "Santo Domingo"]
[Date "2018.05.18"]
[Round "1"]
[White "Mendez Ramirez, Victor"]
[Black "Leon Cruz, Erulis Smil"]
[Result "1-0"]
[WhiteElo "1902"]
[BlackElo "1910"]
[PlyCount "71"]
[EventDate "2018.05.18"]
[EventType "swiss"]
[EventRounds "8"]
[EventCountry "DOM"]
[SourceTitle "CBM 184 Extra"]
[Source "ChessBase"]
[SourceDate "2018.06.28"]
[SourceVersion "1"]
[SourceVersionDate "2018.06.28"]
[SourceQuality "1"]

1. d4 d5 2. Bf4 Nf6 3. e3 Bf5 4. c4 c6 5. Qb3 Qc8 6. Nc3 e6 7. Rc1 dxc4 8. Bxc4 Nbd7 9. Nf3 Be7 10. h3 h6 11. 0-0 0-0 12. Rfe1 Nb6 13. e4 Bh7 14. Bf1 Qd8 15. Rcd1 Rc8 16. a3 Nh5 17. Bh2 Bd6 18. e5 Bb8 19. g4 Qd7 20. gxh5 Nd5 21. Nxd5 exd5 22. Qe3 Rfe8 23. Bg3 Qf5 24. Nh4 Qe6 25. Kh2 Bc2 26. Rc1 Bh7 27. Bd3 f5 28. exf6 Bxg3+ 29. Qxg3 Qxf6 30. Bxh7+ Kxh7 31. Qg6+ Qxg6 32. Nxg6 Re4 33. Rxe4 dxe4 34. Rc5 Re8 35. Re5 Rxe5 36. dxe5 1-0